LIBRARY & INFORMATION CENTRE, KCAET, TAVANUR

ONLINE PUBLIC ACCESS CATALOGUE (OPAC)

Literary essay vol-v theory of novel / (Record no. 11969)

MARC details
000 -LEADER
fixed length control field 00439cam a2200181ua 4500
041 ## - LANGUAGE CODE
Language code of text/sound track or separate title eng
082 ## - DEWEY DECIMAL CLASSIFICATION NUMBER
Classification number 828.09
Item number MUL/LI
100 ## - MAIN ENTRY--AUTHOR NAME
Personal name Mullik, B R .
245 ## - TITLE STATEMENT
Title Literary essay vol-v theory of novel /
250 ## - EDITION STATEMENT
Edition statement 2 /
260 ## - PUBLICATION, DISTRIBUTION, ETC. (IMPRINT)
Place of publication New Delhi :
Name of publisher S.Chand and Co ,
Year of publication 1960.
300 ## - PHYSICAL DESCRIPTION
Number of Pages 86 ; .
942 ## - ADDED ENTRY ELEMENTS (KOHA)
Koha item type Books
Holdings
Withdrawn status Lost status Damaged status Home library Current library Date acquired Full call number Accession Number Koha item type
Withdrawn     KAUAET Malayalam University 13/11/2023 828.09 MUL/LI 10066 Books
Withdrawn     KAUAET Sanskrit University 07/04/2012 828.09 10070 Books
free website counter